Commission des operations de bourse
Đã lưu trong:
| Formáid: | Leabhar |
|---|---|
| Teanga: | Undetermined |
| Foilsithe: |
Paris
1975
|
| Ábhair: | |
| Clibeanna: |
Cuir Clib Leis
Gan Chlibeanna, Bí ar an gcéad duine leis an taifead seo a chlibeáil!
|
| Thư viện lưu trữ: | Trung tâm Học liệu Trường Đại học Cần Thơ |
|---|
| LEADER | 00417nam a2200157Ia 4500 | ||
|---|---|---|---|
| 001 | CTU_86991 | ||
| 008 | 210402s9999 xx 000 0 und d | ||
| 082 | |a 346.44 | ||
| 082 | |b C734 | ||
| 245 | 0 | |a Commission des operations de bourse | |
| 260 | |a Paris | ||
| 260 | |c 1975 | ||
| 650 | |a Securities,Corporation law | ||
| 650 | |z France,France | ||
| 904 | |i Truc | ||
| 980 | |a Trung tâm Học liệu Trường Đại học Cần Thơ | ||